| 000 | 01275nam a22002295i 4500 | ||
|---|---|---|---|
| 001 | 153361 | ||
| 003 | ES-MaACL | ||
| 005 | 20250723051957.0 | ||
| 008 | 990618s1764 sp |||| | spa d | ||
| 040 |
_aCLM _bspa _cCLM |
||
| 100 | 1 |
_aCuesta, Leonardo Antonio de la. _9126663 |
|
| 245 | 1 | 0 |
_aFeijoò critico-moral, y reflexivo de su theatro sobre errores comunes _b: con un breve resumen de cada uno de sus discursos ... / _csu autor Don Leonardo Antonio de la Cuesta ... ; tomo quinto. |
| 260 |
_aEn Madrid : _ben la oficina de Manuel Martin ..., _c1764. |
||
| 300 |
_a[2], 51, [5], 53-80, [4], 81-107, [5], 109-137, [3], 139-166, [4], 167-94 [i.e. 194], [4], 195-224, [2], 225-253, [3], 255-282, [4], 283-337, [5], 339-366, [4], 367-394, [4], 395-422, [4], 423-449, [5], 451-478, [4], 479-505, [2] p. ; _c8º. |
||
| 597 | _aSign. : A-2N\p8\s. | ||
| 597 | _aCada discurso con portadilla propia. | ||
| 600 | 1 | 7 |
_aFeijoo, Benito Jerónimo, _d1676-1764. _tTeatro crítico universal- _vCrítica e interpretación _2 _9127028 |
| 700 | 1 | 1 |
_aMartín, Manuel, _eimp. _977344 |
| 752 |
_aEspaña - _dMadrid |
||
| 852 |
_aES-MaACL _jR-1259 _z-- Enc. perg. _x-- Edic.: en colofón consta: "Hallaràse todos los martes en la librería de Castillo ..." |
||
| 999 |
_c153361 _d153361 |
||